Hard Formula 1 Multiple Choice Quiz - Statistics

General Stats
  • This quiz has been taken 14 times
  • The average score is 5 of 15
Answer Stats
Question Answer % Correct
Which driver came 8th in the 1976 Formula 1 Championship? Jacques Laffite
57%
Which Country had a Proposed Grand Prix? Soviet Union
57%
Which car is the 89M?
43%
Who came in Second in the 100th Grand Prix in Formula 1? Wolfgang von Trips
43%
Which Layout corresponds with the Ain-Diab Circuit?
36%
Which Helmet Belongs to Jo Vonlanthen?
36%
In which Grand Prix did Alan Stacey lose his life? 1960 Belgian Grand Prix
36%
Which Circuit contains the La Garenne Corner? Reims-Gueux
29%
Which picture corresponds with an American Grand Prix?
21%
Which Circuit contains the Beaubien corner? Detroit
21%
Which Country hosted the 200th Formula 1 Grand Prix? Monaco
21%
Who Qualified 12th at the Pescara Grand Prix? Paco Godia
21%
Which Oil Company won the first Formula 1 Grand Prix? Shell
21%
Who Cheated to Pole in the 1975 Swedish Grand Prix? Vittorio Brambilla
21%
In which season was the V12 first used? 1950
14%
No matching quizzes found
Score Distribution
Percent of People with Each Score
Percentile by Number Answered
Your Score History
You have not taken this quiz